Southville International School and Colleges
Your cart is empty.
  • Cart
  • Lists
    Public lists Eva Luna New books Lux_list list_1
    Your lists Log in to create your own lists
  • Log in to your account
  • Your cookies
  • Search history
Southville International School and Colleges
  • Advanced search
  • Recent comments
  • Most popular
  • Libraries

Log in to your account

Log in with GOOGLE


If you do not have an external account, but do have a local account, you can still log in:

  1. Home
  2. MARC view: A solitary blue /
Normal view MARC view ISBD view

A solitary blue / (Record no. 294941)

[ view plain ]
MARC details
000 -LEADER
fixed length control field 01087cam a2200313 a 4500
001 - CONTROL NUMBER
control field 17343449
003 - CONTROL NUMBER IDENTIFIER
control field LC
005 - DATE AND TIME OF LATEST TRANSACTION
control field 20160531154211.0
008 - FIXED-LENGTH DATA ELEMENTS--GENERAL INFORMATION
fixed length control field 120612r20121983nyu c 000 1 eng
010 ## - LIBRARY OF CONGRESS CONTROL NUMBER
LC control number 2012374385
020 ## - INTERNATIONAL STANDARD BOOK NUMBER
International Standard Book Number 9781442428805 (pbk.)
040 ## - CATALOGING SOURCE
Original cataloging agency DLC
Transcribing agency DLC
042 ## - AUTHENTICATION CODE
Authentication code pcc
-- lcac
050 00 - LIBRARY OF CONGRESS CALL NUMBER
Classification number PZ 7 .V874
Item number So 2012
082 00 - DEWEY DECIMAL CLASSIFICATION NUMBER
Classification number [Fic]
100 1# - MAIN ENTRY--PERSONAL NAME
Personal name Voigt, Cynthia.
245 12 - TITLE STATEMENT
Title A solitary blue /
Statement of responsibility, etc Cynthia Voigt.
250 ## - EDITION STATEMENT
Edition statement Atheneum Books for Young Readers pbk. ed.
260 ## - PUBLICATION, DISTRIBUTION, ETC. (IMPRINT)
Place of publication, distribution, etc New York :
Name of publisher, distributor, etc Atheneum Books for Young Readers,
Date of publication, distribution, etc 2012.
300 ## - PHYSICAL DESCRIPTION
Extent 249 p. ;
Dimensions 21 cm.
490 0# - SERIES STATEMENT
Series statement Tillerman cycle ;
Volume number/sequential designation bk. 3
520 ## - SUMMARY, ETC.
Summary, etc Jeff's mother, who deserted the family years before, reenters his life and widens the gap between Jeff and his father, a gap that only truth, love, and friendship can heal.
586 ## - AWARDS NOTE
Awards note Newbery Medal Honor Book, 1984.
650 #0 - SUBJECT ADDED ENTRY--TOPICAL TERM
Topical term or geographic name as entry element Divorce
Form subdivision Fiction.
650 #0 - SUBJECT ADDED ENTRY--TOPICAL TERM
Topical term or geographic name as entry element Fathers and sons
Form subdivision Fiction.
906 ## - LOCAL DATA ELEMENT F, LDF (RLIN)
a 7
b cbc
c orignew
d 2
e ncip
f 20
g y-gencatlg
942 ## - ADDED ENTRY ELEMENTS (KOHA)
Source of classification or shelving scheme Library of Congress Classification
Koha item type Books
Holdings
Withdrawn status Lost status Source of classification or shelving scheme Damaged status Home library Current library Shelving location Date acquired Source of acquisition Total Checkouts Full call number Barcode Date last seen Price effective from Koha item type
    Library of Congress Classification   Luxembourg Library Luxembourg Library Fiction Section 05/24/2016 Donation   PZ 7 .V874 So 2012 20143 05/24/2016 05/24/2016 Books

A solitary blue /

APA

Voigt C., . (2012). A solitary blue. New York: Atheneum Books for Young Readers.

Chicago

Voigt Cynthia, . 2012. A solitary blue. New York: Atheneum Books for Young Readers.

Harvard

Voigt C., . (2012). A solitary blue. New York: Atheneum Books for Young Readers.

MLA

Voigt Cynthia, . A solitary blue. New York: Atheneum Books for Young Readers. 2012.

  • Place hold
  • Print
  • Cite
  • Add to your cart (remove)
  • Save record
    BIBTEX Dublin Core MARCXML MARC (non-Unicode/MARC-8) MARC (Unicode/UTF-8) MARC (Unicode/UTF-8, Standard) MODS (XML) RIS
  • More searches
    Search for this title in:
    Other Libraries (WorldCat) Other Databases (Google Scholar) Online Stores (Bookfinder.com) Open Library (openlibrary.org)

Exporting to Dublin Core...

SOUTHVILLE LIBRARY

Southville International School and Colleges Library

1281 Tropical Ave. Cor. Luxembourg St., BF Homes International, Las Pinas City

Tel. No. 8256374 / 252358 Loc. 117/146

Powered by Koha